| 000 | 00969nam a2200301 i 4500 | ||
|---|---|---|---|
| 001 | 000024295 | ||
| 003 | DO-SdBNP | ||
| 005 | 20240301142136.0 | ||
| 006 | a||||gr|||| 00| 0 | ||
| 007 | ta | ||
| 008 | 110126t1984 dr 000 0 spa d | ||
| 040 |
_aDO-SdBNP _bspa _cBNPHU _erda |
||
| 082 | 4 |
_a324.67293 _bB828i _222 |
|
| 100 | 1 |
_aBrea Franco, Julio, _d1948- _949163 |
|
| 245 | 1 | 0 |
_aIntroducción al proceso electoral dominicano. / _cJulio Brea Franco. |
| 264 | 4 |
_aSanto Domingo : _bTaller, _c1984 |
|
| 300 |
_a150 páginas ; _c23 cm. |
||
| 336 |
_2rdacontent _atexto _btxt |
||
| 337 |
_2rdamedia _asin mediación _bn |
||
| 338 |
_2rdacarrier _avolumen _bnc |
||
| 490 |
_aColección ensayo ; _v7 |
||
| 500 | _aIncluye datos biográficos del autor en las solapas de las cubiertas. | ||
| 504 | _aBibliografías : p. 145-150 | ||
| 586 | _aSiboney 1984 | ||
| 590 | _aInventariado 2023 / MF | ||
| 650 | 4 |
_aElecciones _zRepública Dominicana _92992 |
|
| 942 |
_2ddc _cLBS1 |
||
| 999 |
_c23788 _d23788 |
||